[Event "High League 2022 women"]
[Site "Obninsk"]
[Date "2022.06.26"]
[Round "1.16"]
[White "Satanovskaia, Evgeniia"]
[Black "Afonasieva, Anna"]
[Result "1/2-1/2"]
[LiveChessVersion "1.4.7"]
[BlackElo "2232"]
[WhiteElo "1837"]

1. d4 {[%clk 1:30:57]} Nf6 {[%clk 1:30:54]} 2. c4 {[%clk 1:30:48]} g6
{[%clk 1:31:20]} 3. Nc3 {[%clk 1:30:42]} d5 {[%clk 1:31:43]} 4. e3
{[%clk 1:31:06]} Bg7 {[%clk 1:32:06]} 5. Qb3 {[%clk 1:30:53]} c6 {[%clk 1:28:22]}
6. Nf3 {[%clk 1:30:11]} O-O {[%clk 1:28:28]} 7. Be2 {[%clk 1:25:48]} b6
{[%clk 1:20:42]} 8. O-O Bb7 {[%clk 1:20:06]} 9. a4 {[%clk 1:19:51]} Nbd7
{[%clk 1:14:22]} 10. cxd5 {[%clk 1:17:20]} Nxd5 {[%clk 1:11:31]} 11. Nxd5
{[%clk 1:12:45]} cxd5 {[%clk 1:11:55]} 12. a5 {[%clk 1:11:19]} Rc8
{[%clk 1:07:30]} 13. Bd2 {[%clk 1:06:03]} e5 {[%clk 1:04:36]} 14. dxe5
{[%clk 1:02:30]} Nxe5 {[%clk 1:01:55]} 15. Nd4 {[%clk 0:55:11]} Nc4
{[%clk 0:58:53]} 16. Rfd1 {[%clk 0:37:13]} Re8 {[%clk 0:54:52]} 17. Bc3
{[%clk 0:31:55]} Re7 {[%clk 0:43:53]} 18. Nf5 {[%clk 0:13:23]} gxf5
{[%clk 0:33:53]} 19. Bxg7 {[%clk 0:12:33]} Kxg7 {[%clk 0:32:55]} 20. Bxc4
{[%clk 0:10:26]} bxa5 {[%clk 0:30:07]} 21. Bd3 {[%clk 0:06:10]} Qb6
{[%clk 0:27:55]} 22. Qa4 {[%clk 0:03:55]} Qxb2 {[%clk 0:22:28]} 23. Qh4
{[%clk 0:01:44]} Qf6 {[%clk 0:22:09]} 24. Qh3 {[%clk 0:02:02]} f4
{[%clk 0:12:11]} 25. exf4 {[%clk 0:00:39]} h6 {[%clk 0:12:08]} 26. Bf5
{[%clk 0:00:34]} Rce8 {[%clk 0:11:49]} 27. Rab1 Bc6 {[%clk 0:10:48]} 28. Qd3
{[%clk 0:00:32]} d4 {[%clk 0:08:52]} 29. h3 {[%clk 0:00:31]} Be4 {[%clk 0:06:48]}
30. Bxe4 {[%clk 0:00:55]} Rxe4 {[%clk 0:07:16]} 31. g3 {[%clk 0:00:41]} a4
{[%clk 0:07:13]} 32. Ra1 {[%clk 0:00:32]} Kg8 {[%clk 0:06:50]} 33. Qb5
{[%clk 0:00:34]} Qe6 {[%clk 0:03:33]} 34. Qh5 {[%clk 0:00:33]} Qd6
{[%clk 0:03:14]} 35. Qg4+ {[%clk 0:00:44]} Kh8 {[%clk 0:03:30]} 36. Qf5
{[%clk 0:00:35]} Kg7 {[%clk 0:02:01]} 37. Qg4+ {[%clk 0:01:03]} Kf8
{[%clk 0:01:33]} 38. Qf3 {[%clk 0:00:36]} Qc6 {[%clk 0:01:39]} 39. Kg2
{[%clk 0:00:42]} Qd7 {[%clk 0:01:13]} 40. Rd3 {[%clk 0:30:36]} a6
{[%clk 0:30:36]} 41. Rda3 {[%clk 0:27:34]} Qb5 {[%clk 0:26:38]} 42. Qd3
{[%clk 0:21:12]} Re1 {[%clk 0:18:41]} 43. Qxd4 {[%clk 0:03:41]} Qf1+
{[%clk 0:08:49]} 44. Kf3 {[%clk 0:04:05]} Kg8 {[%clk 0:08:58]} 45. Rxe1
{[%clk 0:02:59]} Qxe1 {[%clk 0:06:54]} 46. Rxa4 {[%clk 0:01:37]} Qf1
{[%clk 0:04:23]} 47. Kg4 {[%clk 0:00:43]} Re6 {[%clk 0:03:58]} 48. f5
{[%clk 0:00:41]} Re8 {[%clk 0:03:41]} 49. f6 {[%clk 0:00:32]} Kh8
{[%clk 0:02:48]} 50. Qf4 {[%clk 0:00:34]} Rg8+ {[%clk 0:02:46]} 51. Kh4
{[%clk 0:00:50]} Rg5 {[%clk 0:03:02]} 52. g4 {[%clk 0:00:40]} a5 {[%clk 0:01:37]}
53. Rc4 {[%clk 0:00:33]} Qg2 {[%clk 0:01:16]} 54. Rc8+ {[%clk 0:00:35]} Kh7
{[%clk 0:01:42]} 55. Rc4 {[%clk 0:00:32]} Qd5 {[%clk 0:01:37]} 56. Rd4
{[%clk 0:00:35]} Qe5 {[%clk 0:01:25]} 57. Qxe5 {[%clk 0:00:34]} Rxe5
{[%clk 0:01:51]} 58. f4 {[%clk 0:00:49]} Re6 {[%clk 0:02:06]} 59. g5
{[%clk 0:00:36]} hxg5+ {[%clk 0:01:03]} 60. Kxg5 {[%clk 0:00:42]} Re3
{[%clk 0:01:06]} 61. Rd7 {[%clk 0:00:35]} Rxh3 {[%clk 0:00:52]} 62. Rxf7+
{[%clk 0:01:01]} Kg8 {[%clk 0:01:20]} 63. Ra7 {[%clk 0:01:20]} Kf8
{[%clk 0:01:24]} 64. Rxa5 {[%clk 0:01:12]} Rg3+ {[%clk 0:01:46]} 65. Kf5
{[%clk 0:01:15]} Rb3 {[%clk 0:02:06]} 66. Ra7 {[%clk 0:00:59]} Rb1
{[%clk 0:02:18]} 67. Ra6 {[%clk 0:00:36]} Kf7 {[%clk 0:02:36]} 68. Ra7+
{[%clk 0:00:56]} Kf8 {[%clk 0:03:02]} 69. Rd7 {[%clk 0:01:13]} Ra1
{[%clk 0:03:19]} 70. Re7 {[%clk 0:00:49]} Ra2 {[%clk 0:03:34]} 71. Kg4
{[%clk 0:00:46]} Rg2+ {[%clk 0:03:26]} 72. Kf3 {[%clk 0:00:39]} Rg6
{[%clk 0:02:23]} 73. Rb7 {[%clk 0:00:36]} Rxf6 {[%clk 0:02:46]} 74. Kg4
{[%clk 0:01:01]} Ra6 {[%clk 0:03:11]} 75. f5 {[%clk 0:01:07]} Kg8
{[%clk 0:03:27]} 76. Kg5 {[%clk 0:01:17]} Kf8 {[%clk 0:03:52]} 77. Rc7
{[%clk 0:01:43]} Rb6 {[%clk 0:03:51]} 78. Ra7 {[%clk 0:01:32]} Rc6
{[%clk 0:04:16]} 1/2-1/2

[Event "High League 2022 women"]
[Site "Obninsk"]
[Date "2022.06.26"]
[Round "1.17"]
[White "Fominykh, Maria"]
[Black "Abakarova, Amina"]
[Result "1-0"]
[LiveChessVersion "1.4.7"]
[BlackElo "1825"]
[WhiteElo "2219"]

1. Nf3 {[%clk 1:30:57]} Nf6 {[%clk 1:30:53]} 2. g3 {[%clk 1:31:18]} d5
{[%clk 1:31:07]} 3. Bg2 {[%clk 1:31:43]} e6 {[%clk 1:31:24]} 4. d3
{[%clk 1:29:55]} Be7 {[%clk 1:30:20]} 5. Nbd2 {[%clk 1:30:14]} O-O
{[%clk 1:30:22]} 6. O-O {[%clk 1:30:06]} c5 {[%clk 1:27:04]} 7. e4
{[%clk 1:28:54]} Nc6 {[%clk 1:23:52]} 8. Re1 {[%clk 1:29:18]} Qc7
{[%clk 1:20:17]} 9. e5 {[%clk 1:17:22]} Nd7 {[%clk 1:11:19]} 10. Qe2
{[%clk 1:17:47]} b5 {[%clk 1:07:34]} 11. Nf1 {[%clk 1:13:02]} b4 {[%clk 1:03:09]}
12. h4 {[%clk 1:08:38]} Bb7 {[%clk 0:57:26]} 13. Bf4 {[%clk 1:01:18]} a5
{[%clk 0:53:16]} 14. N1h2 {[%clk 1:00:00]} Rfc8 {[%clk 0:45:20]} 15. Ng4
{[%clk 0:51:57]} c4 {[%clk 0:37:14]} 16. dxc4 {[%clk 0:41:21]} Ba6
{[%clk 0:35:24]} 17. Qd2 {[%clk 0:26:23]} Bxc4 {[%clk 0:32:49]} 18. b3
{[%clk 0:15:33]} Ba6 {[%clk 0:32:59]} 19. Nf6+ {[%clk 0:15:57]} Nxf6
{[%clk 0:19:44]} 20. exf6 {[%clk 0:16:24]} Bd6 {[%clk 0:19:34]} 21. Bxd6
{[%clk 0:16:13]} Qxd6 {[%clk 0:19:48]} 22. Qg5 {[%clk 0:05:11]} Qf8
{[%clk 0:16:41]} 23. h5 {[%clk 0:04:27]} Kh8 {[%clk 0:15:09]} 24. Rad1
{[%clk 0:04:31]} gxf6 {[%clk 0:13:28]} 25. Qxf6+ {[%clk 0:04:54]} Qg7
{[%clk 0:13:44]} 26. Qf4 {[%clk 0:04:52]} h6 {[%clk 0:10:45]} 27. Bh3
{[%clk 0:03:59]} Ne7 {[%clk 0:06:46]} 28. Rd2 {[%clk 0:01:48]} Bb5
{[%clk 0:04:09]} 29. Ne5 {[%clk 0:01:31]} Be8 {[%clk 0:04:12]} 30. Ng4
{[%clk 0:01:02]} Ng8 {[%clk 0:02:48]} 31. Nh2 {[%clk 0:00:42]} Ra7
{[%clk 0:02:23]} 32. Rxd5 {[%clk 0:00:46]} Rxc2 {[%clk 0:01:47]} 33. Rd8
{[%clk 0:01:02]} Re7 {[%clk 0:00:44]} 34. Ng4 {[%clk 0:00:44]} Rxa2
{[%clk 0:00:38]} 35. Qb8 {[%clk 0:00:44]} Bc6 {[%clk 0:00:35]} 36. Nxh6
{[%clk 0:00:51]} Re8 {[%clk 0:00:38]} 37. Rxe8 {[%clk 0:00:49]} Bxe8
{[%clk 0:01:00]} 38. Qxe8 {[%clk 0:00:52]} Qxh6 {[%clk 0:00:46]} 39. Qxf7
{[%clk 0:01:19]} Rb2 {[%clk 0:00:34]} 40. Bxe6 {[%clk 0:30:54]} Qg5
{[%clk 0:30:33]} 41. Bc4 {[%clk 0:27:59]} Rc2 {[%clk 0:20:01]} 42. Re8
{[%clk 0:26:31]} Rxc4 {[%clk 0:19:24]} 43. Qxc4 {[%clk 0:26:46]} Kh7
{[%clk 0:15:39]} 44. Qf7+ {[%clk 0:26:19]} Kh8 {[%clk 0:15:03]} 45. h6
{[%clk 0:12:33]} Qc1+ {[%clk 0:15:00]} 46. Kg2 {[%clk 0:12:55]} Qc6+
{[%clk 0:15:13]} 47. f3 {[%clk 0:13:16]} Qc2+ {[%clk 0:13:15]} 48. Kh3
{[%clk 0:13:40]} 1-0

[Event "High League 2022 women"]
[Site "Obninsk"]
[Date "2022.06.26"]
[Round "1.18"]
[White "Volchkova, Alena"]
[Black "Grigorieva, Yulia"]
[Result "0-1"]
[LiveChessVersion "1.4.7"]
[BlackElo "2218"]
[WhiteElo "1823"]

1. e4 {[%clk 1:30:57]} e5 {[%clk 1:30:55]} 2. Nf3 {[%clk 1:31:21]} Nc6
{[%clk 1:31:22]} 3. Bb5 {[%clk 1:31:46]} a6 {[%clk 1:31:48]} 4. Ba4
{[%clk 1:32:13]} Nf6 {[%clk 1:32:13]} 5. O-O {[%clk 1:32:39]} b5 {[%clk 1:32:35]}
6. Bb3 {[%clk 1:33:04]} Bc5 {[%clk 1:33:02]} 7. a4 {[%clk 1:33:25]} Rb8
{[%clk 1:31:38]} 8. c3 {[%clk 1:33:48]} d6 {[%clk 1:31:35]} 9. d4
{[%clk 1:34:10]} Bb6 {[%clk 1:31:49]} 10. a5 {[%clk 1:34:30]} Ba7
{[%clk 1:32:10]} 11. Be3 {[%clk 1:34:46]} Bg4 {[%clk 1:15:07]} 12. Nbd2
{[%clk 1:33:09]} O-O {[%clk 0:43:04]} 13. dxe5 {[%clk 1:32:25]} Bxe3
{[%clk 0:37:56]} 14. exf6 {[%clk 1:32:34]} Bf4 {[%clk 0:32:31]} 15. fxg7
{[%clk 1:30:53]} Re8 {[%clk 0:31:52]} 16. Qc2 {[%clk 1:19:22]} Qf6
{[%clk 0:31:00]} 17. Qd3 {[%clk 0:53:32]} Ne5 {[%clk 0:27:05]} 18. Nxe5
{[%clk 0:53:16]} dxe5 {[%clk 0:27:22]} 19. Qc2 {[%clk 0:39:27]} Qh6
{[%clk 0:17:25]} 20. h3 {[%clk 0:37:44]} Bxh3 {[%clk 0:17:19]} 21. Nf3
{[%clk 0:34:25]} Bg4 {[%clk 0:15:02]} 22. Rfd1 {[%clk 0:33:43]} Bxf3
{[%clk 0:14:20]} 23. gxf3 {[%clk 0:34:05]} Qh3 {[%clk 0:13:40]} 24. Rd3
{[%clk 0:29:57]} Kxg7 {[%clk 0:13:25]} 25. Rad1 {[%clk 0:29:04]} Kh8
{[%clk 0:13:02]} 26. Bxf7 {[%clk 0:29:16]} Rg8+ {[%clk 0:13:26]} 0-1

[Event "High League 2022 women"]
[Site "Obninsk"]
[Date "2022.06.26"]
[Round "1.19"]
[White "Potapova, Margarita"]
[Black "Pak, Polina"]
[Result "1-0"]
[LiveChessVersion "1.4.7"]
[BlackElo "1677"]
[WhiteElo "2216"]

1. d4 {[%clk 1:30:58]} Nf6 {[%clk 1:30:50]} 2. c4 {[%clk 1:31:22]} g6
{[%clk 1:31:12]} 3. Nc3 {[%clk 1:31:47]} Bg7 {[%clk 1:31:32]} 4. e4
{[%clk 1:32:11]} d6 {[%clk 1:31:38]} 5. h3 {[%clk 1:32:36]} O-O {[%clk 1:31:46]}
6. Be3 {[%clk 1:33:02]} e5 {[%clk 1:31:36]} 7. d5 {[%clk 1:33:25]} Na6
{[%clk 1:31:08]} 8. g4 {[%clk 1:33:33]} Nc5 {[%clk 1:31:12]} 9. f3
{[%clk 1:33:56]} c6 {[%clk 1:30:44]} 10. Qd2 {[%clk 1:32:59]} cxd5
{[%clk 1:27:23]} 11. cxd5 {[%clk 1:33:22]} Bd7 {[%clk 1:27:41]} 12. O-O-O
{[%clk 1:20:30]} Qa5 {[%clk 1:11:04]} 13. Kb1 {[%clk 1:19:43]} Rab8
{[%clk 0:58:10]} 14. Nb5 {[%clk 1:12:49]} Qxd2 {[%clk 0:53:40]} 15. Rxd2
{[%clk 1:10:28]} Bxb5 {[%clk 0:53:43]} 16. Bxb5 {[%clk 1:10:55]} a6
{[%clk 0:53:56]} 17. Bf1 {[%clk 1:05:41]} Rfc8 {[%clk 0:52:51]} 18. Ne2
{[%clk 1:03:27]} Rc7 {[%clk 0:40:39]} 19. h4 {[%clk 0:58:42]} h5 {[%clk 0:39:42]}
20. g5 {[%clk 0:58:06]} Nfd7 {[%clk 0:36:27]} 21. Bh3 {[%clk 0:56:55]} Na4
{[%clk 0:11:51]} 22. Rc1 {[%clk 0:55:04]} Rxc1+ {[%clk 0:12:06]} 23. Nxc1
{[%clk 0:55:25]} Nab6 {[%clk 0:07:14]} 24. Rc2 {[%clk 0:55:21]} Kf8
{[%clk 0:02:13]} 25. a4 {[%clk 0:53:18]} Ke8 {[%clk 0:02:02]} 26. a5
{[%clk 0:47:17]} Na4 {[%clk 0:01:30]} 27. b3 {[%clk 0:45:38]} Nac5
{[%clk 0:01:38]} 28. b4 {[%clk 0:45:02]} Na4 {[%clk 0:01:20]} 29. Rc7
{[%clk 0:44:55]} Nf8 {[%clk 0:00:54]} 30. Kc2 {[%clk 0:41:57]} b6
{[%clk 0:00:45]} 31. Kb3 {[%clk 0:41:58]} b5 {[%clk 0:00:54]} 32. Rc8+
{[%clk 0:41:34]} Rxc8 {[%clk 0:01:14]} 33. Bxc8 {[%clk 0:42:01]} Nd7
{[%clk 0:00:51]} 34. Bxa6 {[%clk 0:42:17]} 1-0

[Event "High League 2022 women"]
[Site "Obninsk"]
[Date "2022.06.26"]
[Round "1.20"]
[White "Chervyakova, Tatiana"]
[Black "Zhapova, Yana"]
[Result "0-1"]
[LiveChessVersion "1.4.7"]
[BlackElo "2204"]
[WhiteElo "1641"]

1. e4 {[%clk 1:30:58]} c6 {[%clk 1:30:13]} 2. d4 {[%clk 1:31:12]} d5
{[%clk 1:30:35]} 3. exd5 {[%clk 1:31:29]} cxd5 {[%clk 1:30:57]} 4. Bd3
{[%clk 1:31:42]} Nc6 {[%clk 1:30:39]} 5. c3 {[%clk 1:32:01]} Nf6 {[%clk 1:30:59]}
6. Bf4 {[%clk 1:32:09]} Bg4 {[%clk 1:30:56]} 7. Qb3 {[%clk 1:32:20]} Qd7
{[%clk 1:30:58]} 8. Nd2 {[%clk 1:30:39]} e6 {[%clk 1:31:10]} 9. Ngf3
{[%clk 1:30:07]} Bd6 {[%clk 1:30:58]} 10. Bxd6 {[%clk 1:29:28]} Qxd6
{[%clk 1:31:17]} 11. h3 {[%clk 1:27:44]} Bxf3 {[%clk 1:27:32]} 12. Nxf3
{[%clk 1:28:03]} O-O {[%clk 1:27:19]} 13. O-O {[%clk 1:27:38]} Rab8
{[%clk 1:25:13]} 14. a4 {[%clk 1:22:49]} Qc7 {[%clk 1:21:54]} 15. Rfe1
{[%clk 1:19:47]} a6 {[%clk 1:20:38]} 16. Ne5 {[%clk 1:16:57]} Nxe5
{[%clk 1:16:50]} 17. Rxe5 {[%clk 1:16:14]} h6 {[%clk 1:14:21]} 18. a5
{[%clk 1:06:37]} Rfd8 {[%clk 1:07:14]} 19. Ree1 {[%clk 1:00:00]} Rbc8
{[%clk 0:57:47]} 20. Ra4 {[%clk 0:55:32]} Ne8 {[%clk 0:51:16]} 21. Rb4
{[%clk 0:49:23]} Nd6 {[%clk 0:50:47]} 22. Ra1 {[%clk 0:48:40]} Qe7
{[%clk 0:49:53]} 23. Qd1 {[%clk 0:44:03]} Rc7 {[%clk 0:40:50]} 24. Qe2
{[%clk 0:40:45]} Qg5 {[%clk 0:37:06]} 25. g3 {[%clk 0:36:17]} Re8
{[%clk 0:33:19]} 26. h4 {[%clk 0:34:30]} Qd8 {[%clk 0:33:20]} 27. Bc2
{[%clk 0:32:00]} Rce7 {[%clk 0:23:53]} 28. Qd3 {[%clk 0:24:31]} f5
{[%clk 0:23:41]} 29. Bb3 {[%clk 0:22:03]} Kh8 {[%clk 0:21:49]} 30. c4
{[%clk 0:18:18]} dxc4 {[%clk 0:20:39]} 31. Bxc4 {[%clk 0:18:39]} Ne4
{[%clk 0:18:18]} 32. Rb6 {[%clk 0:12:28]} Qd7 {[%clk 0:15:42]} 33. b4
{[%clk 0:09:42]} Nd6 {[%clk 0:13:29]} 34. Bb3 {[%clk 0:07:14]} Qc7
{[%clk 0:12:12]} 35. Qf3 {[%clk 0:05:39]} Nc8 {[%clk 0:10:59]} 36. b5
{[%clk 0:02:38]} Nxb6 {[%clk 0:11:14]} 37. axb6 {[%clk 0:03:06]} Qxb6
{[%clk 0:11:23]} 38. bxa6 {[%clk 0:02:56]} bxa6 {[%clk 0:09:45]} 39. Qd3
{[%clk 0:01:08]} a5 {[%clk 0:08:36]} 40. Qc3 {[%clk 0:30:51]} Rb8
{[%clk 0:37:04]} 0-1

[Event "High League 2022 women"]
[Site "Obninsk"]
[Date "2022.06.26"]
[Round "1.21"]
[White "Yakimova, Mariya"]
[Black "Dryaeva, Lana"]
[Result "1-0"]
[LiveChessVersion "1.4.7"]
[BlackElo "1594"]
[WhiteElo "2201"]

1. d4 {[%clk 1:30:57]} d5 {[%clk 1:30:55]} 2. c4 {[%clk 1:31:20]} e6
{[%clk 1:31:21]} 3. Nf3 {[%clk 1:31:45]} Nf6 {[%clk 1:31:45]} 4. g3
{[%clk 1:32:12]} Be7 {[%clk 1:32:09]} 5. Bg2 {[%clk 1:32:35]} O-O
{[%clk 1:32:33]} 6. O-O {[%clk 1:33:01]} Nbd7 {[%clk 1:32:54]} 7. Qc2
{[%clk 1:33:25]} c6 {[%clk 1:33:19]} 8. Nbd2 {[%clk 1:33:51]} b6 {[%clk 1:33:42]}
9. e4 {[%clk 1:34:17]} dxc4 {[%clk 1:34:05]} 10. Nxc4 {[%clk 1:34:44]} Bb7
{[%clk 1:34:28]} 11. Rd1 {[%clk 1:34:02]} c5 {[%clk 1:34:11]} 12. e5
{[%clk 1:34:26]} Nd5 {[%clk 1:34:33]} 13. Qe4 {[%clk 1:31:18]} Nc3
{[%clk 1:00:57]} 14. Qxb7 {[%clk 1:29:37]} Nxd1 {[%clk 1:01:24]} 15. Bd2
{[%clk 1:24:52]} Qc8 {[%clk 0:38:27]} 16. Qxc8 {[%clk 1:22:12]} Raxc8
{[%clk 0:38:56]} 17. Rxd1 {[%clk 1:22:35]} cxd4 {[%clk 0:35:40]} 18. b3
{[%clk 1:21:46]} Rfd8 {[%clk 0:24:10]} 19. Bf4 {[%clk 1:17:31]} b5
{[%clk 0:13:24]} 20. Na5 {[%clk 1:15:03]} Nc5 {[%clk 0:11:25]} 21. Nxd4
{[%clk 1:12:14]} a6 {[%clk 0:05:02]} 22. Nac6 {[%clk 1:09:03]} Rd7
{[%clk 0:05:27]} 23. Rc1 {[%clk 1:08:06]} Kf8 {[%clk 0:04:24]} 24. Nxe7
{[%clk 1:07:41]} Rxe7 {[%clk 0:04:36]} 25. b4 {[%clk 1:07:40]} Rec7
{[%clk 0:01:21]} 26. bxc5 {[%clk 1:08:04]} Rxc5 {[%clk 0:01:48]} 27. Rd1
{[%clk 1:08:21]} b4 {[%clk 0:00:33]} 28. Be3 {[%clk 1:02:01]} Ra5
{[%clk 0:00:33]} 29. Nc6 {[%clk 1:01:56]} Rxa2 1-0

[Event "High League 2022 women"]
[Site "Obninsk"]
[Date "2022.06.26"]
[Round "1.22"]
[White "Malysheva, Viktoriya"]
[Black "Kleymenova, Valeria"]
[Result "0-1"]
[LiveChessVersion "1.4.7"]
[BlackElo "2177"]
[WhiteElo "1563"]

1. e4 {[%clk 1:30:58]} c5 {[%clk 1:30:52]} 2. Nc3 {[%clk 1:31:22]} d6
{[%clk 1:31:16]} 3. g3 {[%clk 1:31:41]} Nc6 {[%clk 1:31:39]} 4. Bg2
{[%clk 1:32:02]} g6 {[%clk 1:32:04]} 5. d3 {[%clk 1:32:24]} Bg7 {[%clk 1:32:28]}
6. f4 {[%clk 1:32:40]} e6 {[%clk 1:32:48]} 7. Nf3 {[%clk 1:33:04]} Nge7
{[%clk 1:33:10]} 8. O-O {[%clk 1:33:27]} O-O {[%clk 1:33:28]} 9. Be3
{[%clk 1:33:45]} Nd4 {[%clk 1:33:52]} 10. e5 {[%clk 1:33:53]} dxe5
{[%clk 1:25:47]} 11. Nxe5 {[%clk 1:34:00]} f6 {[%clk 1:24:05]} 12. Nf3
{[%clk 1:22:08]} Nec6 {[%clk 1:17:29]} 13. Ne4 {[%clk 1:19:50]} f5
{[%clk 1:09:21]} 14. Nxc5 {[%clk 1:17:27]} Qd6 {[%clk 1:07:24]} 15. Na4
{[%clk 1:12:13]} Nxf3+ {[%clk 1:02:10]} 16. Bxf3 {[%clk 1:10:17]} Bd4
{[%clk 1:01:50]} 17. Bf2 {[%clk 1:09:30]} e5 {[%clk 1:00:04]} 18. Nc3
{[%clk 1:00:41]} Be6 {[%clk 0:53:04]} 19. Nb5 {[%clk 0:56:01]} Bxf2+
{[%clk 0:51:47]} 20. Rxf2 {[%clk 0:56:23]} Qd7 {[%clk 0:49:51]} 21. Bg2
{[%clk 0:55:06]} Rad8 {[%clk 0:45:42]} 22. Nc3 {[%clk 0:54:27]} exf4
{[%clk 0:42:39]} 23. Rxf4 {[%clk 0:54:10]} g5 {[%clk 0:40:22]} 24. Rf1
{[%clk 0:53:17]} Qd4+ {[%clk 0:37:18]} 25. Kh1 {[%clk 0:52:54]} Rf6
{[%clk 0:31:40]} 26. Qd2 {[%clk 0:48:10]} Rg6 {[%clk 0:28:29]} 27. Rae1
{[%clk 0:46:12]} Qg7 {[%clk 0:27:33]} 28. Qf2 {[%clk 0:29:04]} Nd4
{[%clk 0:25:44]} 29. Nd1 {[%clk 0:24:51]} f4 {[%clk 0:22:34]} 30. c3
{[%clk 0:15:18]} Nf5 {[%clk 0:15:13]} 31. g4 {[%clk 0:03:13]} Nh4
{[%clk 0:14:24]} 32. Be4 {[%clk 0:01:46]} Bxg4 {[%clk 0:12:32]} 33. Qxa7
{[%clk 0:00:45]} Bf5 {[%clk 0:09:29]} 34. Qxb7 {[%clk 0:00:39]} Qxb7
{[%clk 0:09:43]} 35. Bxb7 {[%clk 0:01:03]} Bxd3 {[%clk 0:09:50]} 36. Rf2
{[%clk 0:01:16]} Rgd6 {[%clk 0:07:28]} 37. h3 {[%clk 0:00:46]} Bc4
{[%clk 0:07:24]} 38. Kh2 {[%clk 0:00:33]} Rxd1 {[%clk 0:07:47]} 39. Re5
{[%clk 0:00:47]} h6 {[%clk 0:07:53]} 40. b3 {[%clk 0:31:01]} Bf7 {[%clk 0:37:18]}
41. Ree2 {[%clk 0:29:37]} Bd5 {[%clk 0:37:13]} 42. Bxd5+ {[%clk 0:29:43]} R8xd5
{[%clk 0:37:32]} 43. c4 {[%clk 0:29:23]} R5d3 {[%clk 0:37:58]} 44. Re8+
{[%clk 0:25:24]} Kf7 {[%clk 0:38:09]} 45. Rfe2 {[%clk 0:25:16]} Rg3
{[%clk 0:38:07]} 46. Re1 {[%clk 0:25:08]} Nf3+ {[%clk 0:38:24]} 47. Kh1
{[%clk 0:25:24]} Rg1+ {[%clk 0:38:48]} 0-1

[Event "High League 2022 women"]
[Site "Obninsk"]
[Date "2022.06.27"]
[Round "2.1"]
[White "Kleymenova, Valeria"]
[Black "Girya, Olga"]
[Result "1/2-1/2"]
[LiveChessVersion "1.4.7"]
[BlackElo "2407"]
[WhiteElo "2177"]

1. d4 {[%clk 1:30:58]} Nf6 {[%clk 1:30:46]} 2. c4 {[%clk 1:31:19]} e6
{[%clk 1:31:12]} 3. g3 {[%clk 1:31:42]} d5 {[%clk 1:31:16]} 4. Bg2
{[%clk 1:32:03]} dxc4 {[%clk 1:31:13]} 5. Nf3 {[%clk 1:31:48]} Nbd7
{[%clk 1:31:32]} 6. Qa4 {[%clk 1:30:07]} a6 {[%clk 1:30:09]} 7. Qxc4
{[%clk 1:29:54]} b5 {[%clk 1:30:18]} 8. Qc2 {[%clk 1:28:51]} Bb7 {[%clk 1:30:34]}
9. Nc3 {[%clk 1:23:24]} c5 {[%clk 1:29:46]} 10. dxc5 {[%clk 1:23:25]} Bxc5
{[%clk 1:29:46]} 11. O-O {[%clk 1:21:48]} Rc8 {[%clk 1:27:10]} 12. Qd3
{[%clk 1:17:50]} O-O {[%clk 1:21:46]} 13. Bf4 {[%clk 1:14:11]} Qb6
{[%clk 0:54:35]} 14. a4 {[%clk 1:08:56]} b4 {[%clk 0:45:06]} 15. a5
{[%clk 1:08:53]} Qa7 {[%clk 0:45:22]} 16. Na4 {[%clk 1:08:15]} Rfd8
{[%clk 0:40:05]} 17. Nxc5 {[%clk 1:01:19]} Nxc5 {[%clk 0:40:28]} 18. Qc4
{[%clk 0:59:17]} Nd3 {[%clk 0:33:58]} 19. Be3 {[%clk 0:51:28]} Qa8
{[%clk 0:34:16]} 20. Qh4 {[%clk 0:45:00]} Ne5 {[%clk 0:29:10]} 21. Nxe5
{[%clk 0:32:34]} Bxg2 {[%clk 0:29:33]} 22. Rfe1 {[%clk 0:29:46]} Qd5
{[%clk 0:21:51]} 23. Ng4 {[%clk 0:21:34]} Nxg4 {[%clk 0:21:28]} 24. Qxg4
{[%clk 0:21:53]} Rc4 {[%clk 0:15:46]} 25. Qg5 {[%clk 0:21:43]} f6
{[%clk 0:15:20]} 26. Qxd5 {[%clk 0:21:46]} Bxd5 {[%clk 0:15:45]} 27. Rac1
{[%clk 0:20:52]} b3 {[%clk 0:14:09]} 28. Rxc4 {[%clk 0:20:32]} Bxc4
{[%clk 0:14:38]} 29. Kf1 {[%clk 0:19:17]} e5 {[%clk 0:13:01]} 30. Rc1
{[%clk 0:18:58]} Rc8 {[%clk 0:11:33]} 31. f3 {[%clk 0:18:34]} Kf7
{[%clk 0:11:50]} 32. Kf2 {[%clk 0:18:56]} h5 {[%clk 0:10:53]} 33. Bb6
{[%clk 0:17:22]} Ke6 {[%clk 0:07:50]} 34. e4 {[%clk 0:16:56]} g5 {[%clk 0:06:57]}
35. g4 {[%clk 0:15:50]} hxg4 {[%clk 0:05:14]} 36. fxg4 {[%clk 0:16:04]} Rc6
{[%clk 0:04:23]} 37. Ke3 {[%clk 0:15:49]} Bb5 {[%clk 0:04:44]} 38. Rxc6+
{[%clk 0:15:58]} Bxc6 {[%clk 0:05:13]} 39. Bd8 {[%clk 0:16:08]} Bb5
{[%clk 0:05:39]} 40. Kf3 {[%clk 0:46:17]} Bd3 {[%clk 0:35:56]} 41. Ke3
{[%clk 0:46:18]} 1/2-1/2

[Event "High League 2022 women"]
[Site "Obninsk"]
[Date "2022.06.27"]
[Round "2.2"]
[White "Kovanova, Baira"]
[Black "Yakimova, Mariya"]
[Result "1/2-1/2"]
[LiveChessVersion "1.4.7"]
[BlackElo "2201"]
[WhiteElo "2317"]

1. e4 {[%clk 1:30:59]} c5 {[%clk 1:30:55]} 2. Nf3 {[%clk 1:31:25]} Nc6
{[%clk 1:31:21]} 3. Bb5 {[%clk 1:31:52]} e6 {[%clk 1:31:48]} 4. Bxc6
{[%clk 1:32:04]} bxc6 {[%clk 1:32:14]} 5. d3 {[%clk 1:32:30]} Ne7
{[%clk 1:32:39]} 6. Nbd2 {[%clk 1:32:56]} d6 {[%clk 1:33:03]} 7. e5
{[%clk 1:33:12]} d5 {[%clk 1:33:09]} 8. h4 h5 {[%clk 1:33:35]} 9. b3
{[%clk 1:33:56]} Nf5 {[%clk 1:33:49]} 10. Bb2 {[%clk 1:33:10]} Be7
{[%clk 1:33:58]} 11. Qe2 {[%clk 1:31:19]} g6 {[%clk 1:32:32]} 12. g3
{[%clk 1:30:09]} a5 {[%clk 1:32:55]} 13. a4 {[%clk 1:28:01]} Qb6 {[%clk 1:33:10]}
14. c4 {[%clk 1:24:39]} Rb8 {[%clk 1:21:58]} 15. Ba3 {[%clk 1:20:28]} Bd7
{[%clk 1:05:58]} 16. Rc1 {[%clk 1:20:12]} Kf8 {[%clk 0:58:06]} 17. Kf1
{[%clk 1:18:32]} Kg7 {[%clk 0:56:42]} 18. Kg2 {[%clk 1:18:14]} Qa7
{[%clk 0:45:59]} 19. Rc2 {[%clk 1:11:38]} Rhc8 {[%clk 0:39:25]} 20. Rb1
{[%clk 1:07:49]} Rb7 {[%clk 0:37:11]} 21. Nf1 {[%clk 1:01:56]} Rcb8
{[%clk 0:32:59]} 22. N1d2 {[%clk 1:00:28]} Rc8 {[%clk 0:33:06]} 23. Rbc1
{[%clk 0:53:18]} Rbb8 {[%clk 0:32:08]} 24. Bb2 {[%clk 0:45:13]} Kg8
{[%clk 0:27:43]} 25. Ng5 {[%clk 0:38:13]} Qb6 {[%clk 0:19:06]} 26. Qf3
{[%clk 0:31:31]} Qd8 {[%clk 0:15:51]} 27. Qf4 {[%clk 0:28:55]} Be8
{[%clk 0:15:57]} 28. Ngf3 {[%clk 0:27:07]} Bf8 {[%clk 0:10:36]} 29. Ng5
{[%clk 0:24:32]} Be7 {[%clk 0:09:54]} 30. Ngf3 {[%clk 0:22:47]} Bf8
{[%clk 0:10:18]} 31. Ng5 {[%clk 0:23:12]} 1/2-1/2